| 000 | 00509cam a2200205ua 4500 | ||
|---|---|---|---|
| 001 | 7075 | ||
| 005 | 20260515114141.0 | ||
| 008 | 141122n ii |||gr||||Z||||||eng | ||
| 040 | _cMAIN | ||
| 041 | _aeng | ||
| 082 | _a330 | ||
| 100 |
_aBardoloi, Gopal, _eAuthor. |
||
| 245 | 1 |
_aEconomy of north east India : _bStatement analysis / _cBy Gopal Bardoloi . |
|
| 250 | _a1st. | ||
| 260 |
_aGuwahati: _bLBS, _c1986. |
||
| 300 | _a313p. | ||
| 653 | _aEconomics | ||
| 700 |
_aNeog, A.K., _eAuthor. |
||
| 942 | _cBK | ||
| 999 |
_c6199 _d6199 |
||